000 00574cam a22001934a 4500
005 20250605164301.0
008 250528s ||||||||||||||||||||||||d
035 _a22077
020 _a9786185093372
040 _aGR-AtMCL
_bgre
_dGR-AtMCL
_eAACR2
245 1 _a50 ΣΥΜΒΟΥΛΕΣ ΓΙΑ ΑΚΟΜΑ ΠΙΟ ΑΠΟΤΕΛΕΣΜΑΤΙΚΟ MANAGEMENT ΣΤΗΝ ΕΠΟΧΗ ΤΗΣ ΚΡΙΣΗΣ
250 _a1
260 _bΙβισκος,
_c2016
300 _a87
700 1 _aΜπαρουτας Σταυρος
_97530
942 _cBK
999 _c7133
_d7133